Harry potter non-human Characters - Statistics

General Stats
  • This quiz has been taken 688 times
    655 since last reset
  • The average score is 23 of 30
Answer Stats
Hint Answer % Correct
House Elf Dobby
98%
Owl Hedwig
96%
Ghost Nearly Headless Nick
96%
Snake Nagini
95%
House Elf Kreacher
94%
Poltergeist Peeves
94%
Ghost Bloody Baron
93%
Hippogriff Buckbeak
92%
Cat Crookshanks
92%
Phoenix Fawkes
92%
Ghost Grey Lady/Helena Ravenclaw
92%
House Elf Winky
92%
Toad Trevor
91%
Centaur Firenze
89%
Dragon Norbert
87%
Boar Hound Fang
86%
Goblin Griphook
85%
Ghost Fat Friar
84%
Giant Grawp
84%
Owl Errol
80%
Owl Pigwidgeon
78%
Owl Hermes
71%
Ghost Moaning Myrtle
71%
Centaur Bane
63%
House Elf Hokey
57%
Centaur Ronan
45%
Bull Dog Ripper
44%
Centaur Magorian
34%
Vampire Sanguini
16%
Goblin Gornuk
13%
No matching quizzes found
Score Distribution
Percent of People with Each Score
Percentile by Number Answered
Your Score History
You have not taken this quiz since the last reset